| 000 | 00421nam a2200145 a 4500 | ||
|---|---|---|---|
| 001 | 3249 | ||
| 003 | CDMR | ||
| 005 | 20130116135241.0 | ||
| 008 | 130130s1988||||||||||||||||||||||||||||d | ||
| 040 |
_aCDMR _bcat _cCPC GIRONA |
||
| 100 | 1 |
_aNoguero, Antonio _92350 |
|
| 245 | 1 | 0 |
_aProgramación y técnicas de Relaciones Públicas _cNoguero, Antonio |
| 260 |
_c1988 _bPromociones y Publicaciones Universitarias (PPU) |
||
| 942 | _cMON | ||
| 999 |
_c3249 _d3249 |
||